|
|
|
|
| LEADER |
00751nab#a2200301#ar4500 |
| 001 |
000023939 |
| 003 |
SVKKK |
| 005 |
00000000000000.0 |
| 008 |
c xo e sloo |
| FMT |
|
|
|
| 038 |
|
|
|a SVKKK
|
| 040 |
|
|
|a SVKKK
|b slo
|e AACR2
|
| 041 |
0 |
|
|a slo
|
| 044 |
|
|
|a xo
|c SK
|
| 080 |
|
|
|a 622.
|2 1981
|
| 090 |
|
|
|a ŠVK K
|
| 100 |
0 |
|
|a -I.Š.-
|4 aut
|
| 245 |
1 |
0 |
|a Prekonajú Nižnoslančania "rekord"?
|c -I.Š.- ,
|
| 650 |
0 |
4 |
|a baníctvo
|z ŽB, Nižná Slaná
|z úrazovosť pracovná
|x nárast
|x hodnotenie
|
| 773 |
0 |
|
|t Banícke slovo
|g Roč. 20, č. 22(1979), dát. 0528, s. 2
|
| 957 |
|
|
|a Nižná Slaná
|
| 958 |
|
|
|a NP
|
| 958 |
|
|
|a RE
|
| 974 |
|
|
|d 940620
|a Črȩ
|
| 992 |
|
|
|a RBX
|
| BAS |
|
|
|
| 852 |
|
|
|a SVKKK
|b BIB
|
| 998 |
|
|
|a BAN
|